| 000 | 01432cam a2200409 i 4500 | ||
|---|---|---|---|
| 999 |
_c200453151 _d71363 |
||
| 001 | 200453151 | ||
| 003 | TR-AnTOB | ||
| 005 | 20230525143308.0 | ||
| 007 | ta | ||
| 008 | 230525t20022002tu a 000 0 tur | ||
| 010 | _a 2002471056 | ||
| 020 |
_a9751018269 _q(paperback) |
||
| 020 |
_a9789751018267 _q(paperback) |
||
| 035 | _a(OCoLC)53059141 | ||
| 035 | _a(TR-AnTOB)200453151 | ||
| 040 |
_aDLC _beng _erda _cDLC _dSULEY _dTR-AnTOB |
||
| 041 | 0 | _atur | |
| 050 | 0 | 0 |
_aDF845.57 _b.U43 2002 |
| 090 |
_aDF845.57 _b.U43 2002 |
||
| 100 | 1 |
_aUmar, Bilge _eauthor _915468 |
|
| 245 | 1 | 0 |
_aYunanlıların ve Anadolu Rumlarının anlatımıyla İzmir Savaşı / _cBilge Umar. |
| 246 | 3 | 0 | _aİzmir Savaşı |
| 264 | 1 |
_aİstanbul : _bİnkılap, _c2002. |
|
| 264 | 4 | _c©2002 | |
| 300 |
_axi, 220 pages : _billustrations ; _c24 cm |
||
| 336 |
_atext _btxt _2rdacontent |
||
| 337 |
_aunmediated _bn _2rdamedia |
||
| 338 |
_avolume _bnc _2rdacarrier |
||
| 500 | _a"02-34-Y-0051-0091"--T.p. verso. | ||
| 520 | _aTurkey; Greeks; Greco-Turkish War, 1921-1922; personal narratives, Greek. | ||
| 650 | 7 |
_aYunan-Türk Savaşı, 1921-1922 _vKişisel anlatılar, Yunan _2etuturkob _96411 |
|
| 650 | 7 |
_aNüfus transferi _xYunanlılar _2etuturkob _9141990 |
|
| 650 | 7 |
_aNüfus transferi _xTürkler _2etuturkob _9141991 |
|
| 650 | 7 |
_aYunanlılar _zTürkiye _xTarih _y20. yüzyıl _2etuturkob _9141893 |
|
| 942 |
_2lcc _cBK |
||